01398cam a2200349 i 450000100090000000300040000900500170001300800410003001000170007102000450008803500180013304000340015104200080018505000240019307000240021708200210024124501450026226400490040730000600045633600210051633700250053733800230056249000700058550400510065565000220070665000140072870000280074270000260077070000500079677601330084683000690097920149648OSt20231229142405.0171120s2017 njua b 001 0 eng  a 2017055545 a9781771886123q(hardcover ;qalk. paper) a(DNAL)1375260 aDNAL/DLCbengerdacDNALdDLC apcc00aSF250.5b.N684 20170 aSF250.5b.N684 201700a338.47637bGOY/N00aNovel dairy processing technologies :btechniques, management, and energy conservation /ceditors: Megh R. Goyal, Anit Kumar, Anil K. Gupta. 1aWaretown, NJ :bApple Academic Press,c2017. axlii, 298 pages :billustrations (some color) ;c24 cm. atext2rdacontent aunmediated2rdamedia avolume2rdacarrier1 aInnovations in agricultural & biological engineering ;vvolume 17 aIncludes bibliographical references and index. 0aDairy processing. 0aDairying.1 aGoyal, Megh R.eeditor.1 aKumar, Anit,eeditor.1 aGupta, Anil K.q(Anil Kumar),d1966-eeditor.08iOnline version:tNovel dairy processing technologiesdWaretown, NJ : Apple Academic Press, 2017z9781315167121w(DLC) 2017056542 0aInnovations in agricultural and biological engineering ;vv. 17.